LEADER 00916nam0-22003251i-450- 001 990003495960403321 005 20160412131756.0 010 $a0-262-57073-4 035 $a000349596 035 $aFED01000349596 035 $a(Aleph)000349596FED01 035 $a000349596 100 $a20030910d1988----km-y0itay50------ba 101 0 $aeng 105 $ay-------001yy 200 1 $a<>evolution of Central Banks$fCharles Goodhart 210 $aCambridge$cMIT Press$d1988 215 $aVI,205 p.$d20 cm 610 0 $aBanche centrali 700 1$aGoodhart,$bCharles Albert Eric$f<1936- >$0116084 801 0$aIT$bUNINA$gRICA$2UNIMARC 901 $aBK 912 $a990003495960403321 952 $aVI A 799$b7735$fFSPBC 952 $aVI A 1643$b970/2016$fFSPBC 952 $aSE101.06.24-$b3052$fDECSE 959 $aDECSE 959 $aFSPBC 996 $aEvolution of central banks$917736 997 $aUNINA